000 00633nam a22002055i 4500
001 168582
003 ES-MaACL
005 20250822162350.0
008 080422s1968 sp |||| | spa d
080 _a133.52
100 1 _aMacNeice, Louis.
_9137670
245 1 0 _aAstrología /
_cLouis MacNeice ; [versión... de Domingo Manfredi Cano].
250 _a[1ª ed.].
260 _aBarcelona :
_bCaralt,
_c1968.
300 _a351 p. :
_bil. ;
_c26 cm.
650 1 7 _aAstrología
_2embne
_910384
700 1 _aManfredi Cano, Domingo,
_d1918-1998
_975997
852 _aES-MaACL
_jC-37391
_9R.71552
999 _c168582
_d168582